| 000 | 01164cad a22002295a 4500 | ||
|---|---|---|---|
| 001 | E149045 | ||
| 008 | 091216s2009 xxk f 000 0 eng d | ||
| 035 | _a(Sirsi) u149045 | ||
| 041 | 0 | _aeng | |
| 050 | 0 | 4 | _a333.32 $2 18 |
| 110 | 2 |
_aInvestment Property Forum _92112 |
|
| 245 | 0 | 0 |
_aInvestment Property Forum UK consensus forecasts, survey of independent forecasts for UK commercial property investment _bsummary report, November 2009 _h[electronic resource] |
| 260 |
_aLondon _bIPF _c2009 |
||
| 520 | _aThis forecast report for Q4 2009 suggests a more optimistic outlook over the next three to five years, with the All Property total return for 2009 improving from a forecast of -11.2% to -2.6%. Capital value growth forecasts have improved strongly, however rental value growth forecasts have only slightly improved. | ||
| 521 | _aAdvanced | ||
| 590 | _aKA | ||
| 650 | 2 | 4 | _aIPF CONSENSUS FORECAST SURVEY |
| 651 | 4 |
_aUnited Kingdom _y |
|
| 690 | _aPROPERTY-COMMERCIAL PROPERTY-COMMERCIAL PROPERTY MARKET | ||
| 856 | 4 | 0 |
_uhttps://www.reita.org/live/Knowledge_centre/lib_reita_research.html?35 _zView the item free of charge at www.reita.org... |
| 942 | _n0 | ||
| 999 |
_c110348 _d110348 |
||